| 000 | 00906cam a2200301Ka 4500 | ||
|---|---|---|---|
| 001 | 41365 | ||
| 005 | 20230410130733.0 | ||
| 008 | 050523s2005 sp b 000 0 spa d | ||
| 035 | _a(OCoLC)ocm60514626 | ||
| 040 |
_aPL# _beng _cPL# _dCGU |
||
| 020 | _a8488485492 | ||
| 020 | _a9788488485496 | ||
| 029 | 0 |
_aPL# _b8488485492 |
|
| 035 | _a(OCoLC)60514626 | ||
| 050 | 1 | 4 |
_aPN 5314 _bB142p 2005 |
| 049 | _aGRAL | ||
| 100 | 1 | _aBaeza L., Alvaro. | |
| 245 | 1 | 0 |
_aPeriodistas de oro : _bel corrupto cuarto poder : quién es quién, 1975-2005 / _cÁlvaro L. Baeza. |
| 260 |
_aMadrid : _bABL, _c2005. |
||
| 300 |
_a510 p. ; _c21 cm. |
||
| 490 | 1 | _aColección "Documentos" | |
| 650 | 0 |
_aJournalism _zSpain. |
|
| 653 |
_aPeriodismo _aEspaña _aHistoria. |
||
| 830 | 0 | _aColección "Documentos" (Madrid, Spain) | |
| 938 |
_aPuvill Libros _bPUVL _n8488485492 _c$31.17 |
||
| 942 |
_2lcc _cbk |
||
| 994 |
_aC0 _bDRFGD |
||
| 999 |
_c79517 _d79517 |
||